Las naciones isleñas más dispersas - Estadísticas

Estadísticas generales
  • Esta prueba ha sido intentada 49 veces
  • La puntuación promedio es 10 de 13
Estadísticas de respuestas
% país % Correcto
36,4 Tuvalu
86%
8,6 Kiribati
84%
63,4 Micronesia
84%
53,3 Indonesia
82%
33,3 Islas Salomón
77%
49,2 Vanuatu
77%
60,6 Filipinas
75%
17,7 Islas Marshall
73%
43,3 Seychelles
73%
4,1 Maldivas
68%
43,9 Cabo Verde
66%
48,2 Tonga
64%
36,2 Bahamas
61%
No se encontraron pruebas coincidentes
Distribución de puntuación
Porcentaje de gente con cada puntuación
Porcentaje por número respondido
Historial de tus puntuaciones
No has intentado esta prueba.